000 00333nam a22001457a 4500
008 221216b ||||| |||| 00| 0 eng d
020 _a9781588295576
041 _aeng
080 _2SECOND EDITION
_a616.15
082 _a616.15MUN
100 _a15.1
101 _aHEMA
245 _aMODERN HEMATOLOGY
_cMUNKER R
942 _2udc
_cBK
999 _c59194
_d59194